Biblioteca : any primer : memòria dels treballs realitzats : pla revisat de classificació sistemàtica : catalogació sistemàtica de les obres ingressades fins a 31 desembre del 1933 : fascicle segon any primer :
Descripción Física:
70 p. ciclostilades ; 30 cm
MARC
| LEADER | 00000nam a2200000Ia 4500 | ||
|---|---|---|---|
| 001 | 17216 | ||
| 008 | 160829s1933 xx 000 0 cat d | ||
| 080 | |a FOL-2-105 | ||
| 110 | 1 | |a Catalunya. |b Parlament |9 11492 | |
| 245 | |a Biblioteca : |b any primer : |b memòria dels treballs realitzats : |b pla revisat de classificació sistemàtica : |b catalogació sistemàtica de les obres ingressades fins a 31 desembre del 1933 : |b fascicle segon | ||
| 260 | |a [Barcelona] : |b Parlament, |c 1933 | ||
| 300 | |a 70 p. ciclostilades ; |c 30 cm | ||
| 650 | |a Catalunya. Parlament |x Biblioteca |x Catalogació i classificació |9 20823 | ||
| 901 | |a Arxiu | ||
| 942 | |n 1 | ||
| 952 | |0 0 |1 0 |4 0 |6 FOL2105 |7 1 |9 41697 |a Arxiu |b Arxiu |d 2016-12-01 |l 0 |o FOL-2-105 |p 17216 |r 2016-12-01 00:00:00 |w 2016-12-01 |y ARXIU | ||
| 999 | |c 43587 |d 43587 | ||